000 01464nam a2200397 i 4500
001 13574
003 KOSZ 005
005 20220824101118.0
008 990506s1968 pl a f 001 0 pol
015 _aPB 1968/7890
035 _a(OCoLC)830224703
040 _aWA N
_cWA N
_dKOSZ 005/EG
_dKOSZ 005/HR
041 0 _apol
046 _k1968
080 _a55
080 _a(438)
245 0 0 _aBudowa geologiczna Polski.
_nT. 1,
_pStratygrafia.
_nCz. 1,
_pPrekambr i paleozoik /
_caut. Stanisław Bukowy [et al.] ; red. nacz. Stanisław Sokołowski ; Instytut Geologiczny.
260 _aWarszawa :
_bWydawn. Geologiczne,
_c1968.
300 _a610 stron, 38 kart, tablice :
_bilustracje, mapy ;
_c23 cm.
336 _2rdacontent
_aTekst
_btxt
337 _2rdamedia
_aBez urządzenia pośredniczącego
_bn
338 _2rdacarrier
_aWolumin
_bnc
380 _aKsiążki.
388 _a1901-2000
_a1945-1989
504 _aBibliografia na stronach 568-571. Indeks.
658 _aGeografia i nauki o Ziemi
651 4 _aPolska
650 4 _aPaleozoik
650 4 _aGeologia historyczna
650 4 _aPrekambr
700 1 _aSokołowski, Stanisław
_d(1900-1990).
_eRedakcja
700 1 _aBukowy, Stanisław
_d(1920-2002).
_eAutor
710 2 _aWydawnictwa Geologiczne
_4pbl.
856 _uhttp://koha.tu.koszalin.pl/cgi-bin/koha/opac-detail.pl?biblionumber=13574
_yKatalog online BPK
942 _2UKD
_cKS
999 _c13574
_d13574